Lokalizačné správanie zahraničných investorov a ich vplyv na rozvoj regiónu (na príklade vybraného regiónu) diplomová práca

Na minha lista:
Detalhes bibliográficos
Autor principal: Parízek, Peter
Autor Corporativo: Národohospodárska fakulta EU. Katedra verejnej správy a regionálneho rozvoja
Outros Autores: Tvrdoň, Jozef
Formato: Livro
Idioma:eslovaco
Publicado em: Bratislava 2011
Tags: Adicionar Tag
Sem tags, seja o primeiro a adicionar uma tag!

MARC

LEADER 00000nbm a2200000 4500
001 0130745
005 20161109101611.5
041 0 |a slo 
044 |a SK 
245 1 0 |a Lokalizačné správanie zahraničných investorov a ich vplyv na rozvoj regiónu (na príklade vybraného regiónu)  |b diplomová práca  |c Peter Parízek ; školiteľ: Jozef Tvrdoň 
264 1 |a Bratislava  |c 2011 
300 |a 76 s. 
100 1 |a Parízek, Peter 
700 1 |a Tvrdoň, Jozef 
710 2 |a Národohospodárska fakulta EU. Katedra verejnej správy a regionálneho rozvoja